000 00550nam a2200193 i 4500
001 8564
003 ES-MaACL
005 20230906145503.0
007 t|
008 920715s1991 sp ||||1| spa d
020 _a84-7813-07-9
080 _a628
100 1 _aDomènech, Xavier.
_945087
245 1 0 _aQuímica atmosférica
_b: origen y efectos de la contaminación /
_cXavier Domènech.
260 _aMadrid :
_bMiraguano,
_cD.L. 1991.
300 _a174 p. ;
_c20 cm.
650 1 4 _aContaminación.
_911316
852 _aES-MaACL
_jL-15980
_bR.120624
999 _c8564
_d8564